[Event "Montevideo Reina Reyes op 14th"]
[Site "Montevideo"]
[Date "2020.02.16"]
[Round "5"]
[White "Lopez Marchan, Marcos Tulio"]
[Black "Sosa, Liber"]
[Result "1-0"]
[WhiteElo "1947"]
[BlackElo "1760"]
[PlyCount "59"]
[EventDate "2020.02.15"]
[EventType "swiss"]
[EventRounds "5"]
[EventCountry "URU"]
[SourceTitle "CBM 195 Extra"]
[Source "ChessBase"]
[SourceDate "2020.05.31"]
[SourceVersion "1"]
[SourceVersionDate "2020.05.31"]
[SourceQuality "1"]

1. Nf3 Nf6 2. d4 g6 3. g3 Bg7 4. c4 c5 5. d5 d6 6. Nc3 0-0 7. Bg2 Nbd7 8. 0-0 Nb6 9. Qd3 Bf5 10. e4 Bd7 11. a4 a5 12. h3 Qe8 13. Nb5 Bxb5 14. axb5 Qd8 15. Bd2 a4 16. Bc3 e6 17. Nd2 exd5 18. exd5 Re8 19. Rfe1 Qd7 20. b4 cxb4 21. Bxb4 Nfxd5 22. cxd5 Bxa1 23. Rxa1 f6 24. Ne4 Rxe4 25. Bxe4 Re8 26. Bf3 Qf5 27. Qxf5 gxf5 28. Bxd6 Nc4 29. Bc7 Nd2 30. Bh5 1-0

[Event "Montevideo Reina Reyes op 14th"]
[Site "Montevideo"]
[Date "2020.02.15"]
[Round "3"]
[White "Lopez Marchan, Marcos Tulio"]
[Black "Cano, Carlos2222"]
[Result "1-0"]
[WhiteElo "1947"]
[BlackElo "1660"]
[PlyCount "57"]
[EventDate "2020.02.15"]
[EventType "swiss"]
[EventRounds "5"]
[EventCountry "URU"]
[SourceTitle "CBM 195 Extra"]
[Source "ChessBase"]
[SourceDate "2020.05.31"]
[SourceVersion "1"]
[SourceVersionDate "2020.05.31"]
[SourceQuality "1"]

1. Nf3 Nf6 2. d4 g6 3. g3 Bg7 4. Bg2 0-0 5. c4 d6 6. Nc3 Nc6 7. Bg5 h6 8. Bxf6 exf6 9. 0-0 Re8 10. h3 f5 11. e3 Qd7 12. Rc1 b6 13. Nh4 Bb7 14. b4 Nd8 15. d5 g5 16. Nf3 Rc8 17. b5 a5 18. Qd3 Ba8 19. h4 g4 20. Nd4 Bxd4 21. exd4 f6 22. Nd1 Qh7 23. f4 h5 24. Ne3 Nf7 25. Nxf5 Nh6 26. Nxh6+ Qxh6 27. Qf5 Qg7 28. Rfe1 Rcd8 29. Qxh5 1-0

[Event "Montevideo Reina Reyes op 14th"]
[Site "Montevideo"]
[Date "2020.02.15"]
[Round "1"]
[White "Lopez Marchan, Marcos Tulio"]
[Black "Muniz, Facundo"]
[Result "1-0"]
[WhiteElo "1947"]
[BlackElo "1226"]
[PlyCount "109"]
[EventDate "2020.02.15"]
[EventType "swiss"]
[EventRounds "5"]
[EventCountry "URU"]
[SourceTitle "CBM 195 Extra"]
[Source "ChessBase"]
[SourceDate "2020.05.31"]
[SourceVersion "1"]
[SourceVersionDate "2020.05.31"]
[SourceQuality "1"]

1. Nf3 Nc6 2. d4 Nf6 3. c4 e6 4. g3 d5 5. Bg2 Be7 6. 0-0 0-0 7. Nc3 Re8 8. Bg5 h6 9. Bf4 Bd6 10. Bxd6 cxd6 11. cxd5 exd5 12. e3 Bg4 13. Qb3 Be6 14. Qxb7 Qd7 15. Qxd7 Bxd7 16. Nb5 Ne4 17. Nc7 Rab8 18. Nxe8 Rxe8 19. a3 a5 20. Rfd1 Bg4 21. Rac1 Ne7 22. Rc7 Ng5 23. Nxg5 Bxd1 24. Nf3 g5 25. Kf1 Bb3 26. Ke1 Kf8 27. Ng1 Rc8 28. Rxc8+ Nxc8 29. Ne2 Nb6 30. Kd2 Nc4+ 31. Kc3 Bd1 32. Nc1 Nb6 33. b3 Bh5 34. Nd3 Ke8 35. b4 axb4+ 36. Kxb4 Kd7 37. a4 Kc6 38. h4 Bg6 39. Nc1 f6 40. Na2 Be8 41. Nc3 Bf7 42. a5 Nd7 43. Bf1 Kb7 44. Kb5 Be8 45. a6+ Ka7 46. Ka5 Nb6 47. Nb5+ Bxb5 48. Kxb5 Na8 49. Kc6 Nb6 50. Kxd6 Nc4+ 51. Kxd5 Nd2 52. Be2 Nb3 53. Kd6 gxh4 54. gxh4 Nd2 55. f3 1-0